NLSUI OPAC header image

Human development report 2000 (Record no. 15942)

MARC details
000 -LEADER
fixed length control field 00549nam a2200205Ia 4500
003 - CONTROL NUMBER IDENTIFIER
control field OSt
005 - DATE AND TIME OF LATEST TRANSACTION
control field 20210920102658.0
008 - FIXED-LENGTH DATA ELEMENTS--GENERAL INFORMATION
fixed length control field 160316s2000 xxu||||| |||| 00| 0 eng d
040 ## - CATALOGING SOURCE
Transcribing agency .
082 ## - DEWEY DECIMAL CLASSIFICATION NUMBER
Classification number 338.9 UND
Item number UND
100 ## - MAIN ENTRY--PERSONAL NAME
Personal name U N D P
245 ## - TITLE STATEMENT
Title Human development report 2000
260 ## - PUBLICATION, DISTRIBUTION, ETC.
Place of publication, distribution, etc. Delhi
Name of publisher, distributor, etc. Oxoford University Press
Date of publication, distribution, etc. 2000
300 ## - PHYSICAL DESCRIPTION
Extent 290p
365 ## - TRADE PRICE
Price amount Rs.425
650 ## - SUBJECT ADDED ENTRY--TOPICAL TERM
Topical term or geographic name entry element 1.Human Development Report- 2000
700 ## - ADDED ENTRY--PERSONAL NAME
Personal name
--
856 ## - ELECTRONIC LOCATION AND ACCESS
Uniform Resource Identifier <a href="http://hdr.undp.org/sites/default/files/reports/261/hdr_2000_en.pdf">http://hdr.undp.org/sites/default/files/reports/261/hdr_2000_en.pdf</a>
942 ## - ADDED ENTRY ELEMENTS (KOHA)
Source of classification or shelving scheme Dewey Decimal Classification
Koha item type BOOKs
Holdings
Withdrawn status Lost status Damaged status Not for loan Home library Current library Shelving location Date acquired Cost, normal purchase price Total Checkouts Full call number Barcode Date last seen Price effective from Koha item type
        . . NAB Compactor 30.05.2017 425.00   338.9 UND 15879 30.05.2017 30.05.2017 BOOKs